La chispa del éxito: la importancia de la imaginación en el mundo de los negocios
Guardado en:
| Autor principal: | |
|---|---|
| Formato: | Libro |
| Lenguaje: | español |
| Publicado: |
Ciudad de México
Grijalbo
1993
|
| Colección: | Guía Práctica de Bolsillo
|
| Materias: | |
| Etiquetas: |
Agregar Etiqueta
Sin Etiquetas, Sea el primero en etiquetar este registro!
|
MARC
| LEADER | 00000nam a2200000 a 4500 | ||
|---|---|---|---|
| 001 | UCS3101 | ||
| 003 | CL-VaPUC | ||
| 008 | 970613e19930000MX |||||||||||||||||spa|d | ||
| 082 | 0 | 4 | |a 658.408 |b EMM |2 21 |
| 100 | 0 | |a Emmerling, John |e author |9 389110 | |
| 245 | 1 | 3 | |a La chispa del éxito: la importancia de la imaginación en el mundo de los negocios |
| 300 | |a 240 p | ||
| 942 | |c BK | ||
| 945 | |d 19970613 00:00:00 |a rleighto | ||
| 260 | |a Ciudad de México |b Grijalbo |c 1993 | ||
| 650 | 7 | |a EXITO |2 CL-VaPUC |9 310745 | |
| 650 | 0 | |a Creatividad |9 310816 | |
| 650 | 0 | |a Negocios |9 262468 | |
| 583 | |a last modification |c 19970613 00:00:00 |k Rodrigo Vera | ||
| 490 | 0 | |a Guía Práctica de Bolsillo | |
| 999 | |c 260948 |d 260946 | ||
| 952 | |0 0 |1 0 |4 0 |6 658_408000000000000_EMM_1993 |7 0 |8 A |9 287597 |a BIBEDU |b BIBEDU |d 2019-11-19 |i 3311570 |o 658.408 EMM 1993 |p 3311570 |r 2019-11-19 |w 2019-11-19 |y BK |k EDU | ||